THE NEW NATIOANL DICTIONARY (Record no. 581487)

000 -LEADER
fixed length control field 00266nam a22001217a 4500
020 ## - INTERNATIONAL STANDARD BOOK NUMBER
International Standard Book Number 0-00-433070-2
082 ## - DEWEY DECIMAL CLASSIFICATION NUMBER
Classification number 423 NEW'C
100 ## - MAIN ENTRY--PERSONAL NAME
Personal name COLLINS
9 (RLIN) 75526
245 ## - TITLE STATEMENT
Title THE NEW NATIOANL DICTIONARY
260 ## - PUBLICATION, DISTRIBUTION, ETC.
Place of publication, distribution, etc. LONDON
Name of publisher, distributor, etc. COLLINS
Date of publication, distribution, etc. 1966
300 ## - PHYSICAL DESCRIPTION
Extent 576P
942 ## - ADDED ENTRY ELEMENTS (KOHA)
Koha item type Book
Holdings
Withdrawn status Lost status Damaged status Not for loan Permanent Location Current Location Shelving location Date acquired Total Checkouts Full call number Barcode Date last seen Price effective from Koha item type
        College of Electrical & Mechanical Engineering (CEME) College of Electrical & Mechanical Engineering (CEME) Reference 05/25/2017   423 NEW'C CEME-11418 06/28/2021 06/28/2021 Book
© 2023 Central Library, National University of Sciences and Technology. All Rights Reserved.